000 00538cam a2200193 4500
001 D15116
008 090401t1971 xxu||||| |||| 00| 0 eng d
035 _a(Sirsi) u20331
041 _aeng
050 _aRICS 1971/13ABC
110 _aRoyal Institution of Chartered Surveyors
_94900
245 _aBuilding cost forecasting: selected papers on a systematic approach to forecasting building costs
260 _bRICS
_c1971
300 _a56p
350 _a3
520 _aFiled in box 1971/13 ABC
942 _n0
948 _c04/03/1997
999 _c87801
_d87801